Normal view
MARC view
- Triola, Mario F
Entry Personal Name
001 - CONTROL NUMBER
- control field: 102413
003 - CONTROL NUMBER IDENTIFIER
- control field: NUST
005 - DATE AND TIME OF LATEST TRANSACTION
- control field: 20221107125943.0
008 - FIXED-LENGTH DATA ELEMENTS
- fixed length control field: 221107|| aca||aabn | a|a d
040 ## - CATALOGING SOURCE
- Original cataloging agency: NUST
- Transcribing agency: NUST
100 ## - HEADING--PERSONAL NAME
- Personal name: Triola, Mario F
670 ## - SOURCE DATA FOUND
- Source citation: Work cat.: (NUST)180151: Triola, Mario F., Mathematics and the modern world / , [1973]
